Las instituciones jurídicas en la conquista de América

সংরক্ষণ করুন:
গ্রন্থ-পঞ্জীর বিবরন
প্রধান লেখক: Zavala, Silvio Arturo (Author)
বিন্যাস: গ্রন্থ
ভাষা:স্প্যানিশ
প্রকাশিত: Ciudad de México Porrúa 1988
সংস্করন:3a. ed
মালা:Biblioteca Porrua, 50
বিষয়গুলি:
ট্যাগগুলো: ট্যাগ যুক্ত করুন
কোনো ট্যাগ নেই, প্রথমজন হিসাবে ট্যাগ করুন!

MARC

LEADER 00000nam a2200000 a 4500
001 UCV2937
003 CL-VaPUC
008 930111e19880000MX |||||||||||||||||spa|d
082 0 4 |a 349.8  |b ZAV  |2 21 
100 0 |a Zavala, Silvio Arturo  |e author  |9 297242 
245 1 4 |a Las instituciones jurídicas en la conquista de América 
250 |a 3a. ed 
300 |a 621 p 
942 |c BK 
945 |d 19930111 00:00:00 
260 |a Ciudad de México  |b Porrúa  |c 1988 
650 0 |a Derecho Indiano  |9 256266 
650 0 |a Indios de América del Sur  |9 255272 
650 7 |a SITUACION LEGAL  |2 CL-VaPUC  |9 255565 
650 7 |a DESCUBRIMIENTO Y EXPLORACIONES ESPAÑOLAS  |2 CL-VaPUC  |9 255274 
651 0 |a América  |9 255182 
583 |a last modification  |c 19930111 00:00:00  |k Rodrigo Vera 
490 0 |a Biblioteca Porrua, 50 
999 |c 210376  |d 210374 
952 |0 0  |1 0  |4 0  |6 349_800000000000000_ZAV_1988  |7 0  |8 DER_HDC  |9 186543  |a BIBDER  |b BIBDER  |d 2019-11-14  |i 2540622  |o 349.8 ZAV 1988  |p 2540622  |r 2023-01-25  |w 2019-11-14  |x Ubicación 4to Piso  |y BK  |z Estos recursos deben solicitarse con anticipación  |k DER